Statistics for Countries of Africa by Borders - 15 Second Sprint

Click here to take the quiz!

General Stats

  • This quiz has been taken 591 times
  • The average score is 33 of 54

Answer Stats

COUNTRY % Correct
Libya
96%
Central African Republic
94%
South Sudan
92%
Democratic Republic of the Congo
91%
Niger
91%
Algeria
90%
Zambia
90%
Tanzania
90%
Sudan
90%
Uganda
88%
Republic of the Congo
88%
Angola
87%
Rwanda
87%
Burundi
87%
Cameroon
85%
Namibia
85%
Mozambique
85%
Mali
85%
Chad
85%
Zimbabwe
82%
Botswana
82%
South Africa
80%
Mauritania
79%
Lesotho
78%
Swaziland
77%
Burkina Faso
73%
Egypt
72%
Gabon
71%
Ethiopia
67%
Cote d'Ivoire
61%
Guinea
60%
Senegal
60%
Nigeria
58%
Morocco
57%
Kenya
57%
Tunisia
56%
Eritrea
55%
Benin
51%
Somalia
46%
Djibouti
39%
Malawi
33%
Togo
31%
Ghana
30%
Guinea-Bissau
24%
Gambia
23%
Liberia
17%
Sierra Leone
16%
Equatorial Guinea
15%
Madagascar
6%
Cape Verde
5%
Seychelles
4%
Comoros
4%
Mauritius
4%
São Tomé and Príncipe
3%

Score Distribution

Percentile by Number Answered

Percent of People with Each Score

Your Score History

You have not taken this quiz